Communauté de communes Pévèle Carembault - Statistiques

Statistiques générales
  • Ce quiz a été pris 26 fois
  • Le résultat moyen est 14 sur 38
Réponses sur la Carte
Les réponses sont colorées sur une échelle allant du rouge au vert en fonction du pourcentage des utilisateurs qui les ont devinées à leur premier essai. Vous pouvez retrouver ces pourcentages ci-dessous.
 
Statistiques - réponses
Commune % Correct
Orchies
100%
Mérignies
82%
Templeuve en Pévèle
82%
Landas
73%
Cappelle en Pévèlle
64%
Cysoing
64%
Nomain
64%
Camphin en Pévèle
55%
Genech
55%
Aix en Pévèle
45%
Auchy lez Orchies
45%
Bersée
45%
Coutiches
45%
Louvil
45%
Mouchin
45%
Bachy
36%
Pont à Marcq
36%
Attiches
27%
Avelin
27%
Beuvry la Forêt
27%
Bourghelles
27%
Camphin en Carembault
27%
Cobrieux
27%
Moncheaux
27%
Mons en Pévèle
27%
Saméon
27%
Wannehain
27%
Ennevelin
18%
Gondecourt
18%
Tourmignies
18%
Wahagnies
18%
Bouvignies
9%
Chemy
9%
La Neuville
9%
Ostricourt
9%
Phalempin
9%
Thumeries
9%
Herrin
0%
Aucun quiz correspondant
Distribution des résultats
% des personnes avec chaque résultat
Percentile par nombre de réponses
Votre historique - résultats
Vous n’avez pas pris ce quiz